Responsabilidade Civil do Cirurgiô Dentista

Bibliographic Details
Main Author: Arantes, Artur Cristiano
Format: eBook
Language:Portuguese
Published: San Pablo: JH Mizuno, 2016
Subjects:
Online Access:Acceso restringido

MARC

LEADER 00000nam a22000007a 4500
005 20180227225210.0
007 cr|||| ||||
008 180227s2016 br |||||s|||| 00||0 por d
020 |a 978-85-7789-300-3 
035 |a 21029 
040 |a vLex 
090 |c 7431  |d 7431 
100 1 |a Arantes, Artur Cristiano 
245 1 0 |a Responsabilidade Civil do Cirurgiô Dentista  |h [Recurso electrn̤ico] /  |c Artur Cristiano Arantes 
256 |a Servicio en ln̕ea 
260 |a San Pablo:  |b JH Mizuno,  |c 2016 
300 |a 1 recurso electrn̤ico 
500 |a Com a visô de Cirurgiô-Dentista, Advogado e Professor, o autor enfatiza os principais aspectos da relaȯ̂ jurd̕ica Profissional-Paciente em uma linguagem acessv̕el, sem o coloquialismo ou erudiȯ̂ da linguagem do Direito, de forma a facilitar o entendimento dos Odontologistas nos meandros das Leis. Aborda o Cd̤igo Civil, Cd̤igo Penal, Cd̤igo de Proteȯ̂ e Defesa do Consumidor, alm̌ do Cd̤igo de Ética Odontolg̤ica, trazendo novas informaė̳s e orientaė̳s de como proceder no relacionamento com seus Pacientes e como documentar-se corretamente no aspecto jurd̕ico. Buscou o Autor, nesta segunda ediȯ̂, revisada e ampliada, aumentar as informaė̳s aos Profissionais do Direito com novas e importantes explicaė̳s sobre os atos odontolg̤icos bem como sobre a nomenclatura utilizada na identificaȯ̂ dental. Expe̳ os aspectos peculiares da Odontologia explicando de forma simples e clara as diversas prt̀icas Odontolg̤icas. Assim, tanto ao Cirurgiô-Dentista como ao Advogado, trata-se de uma obra indispensv̀el e atual. Ao Advogado, para que conheȧ os conceitos mais relevantes da Odontologia e ao Cirurgiô-Dentista orientaė̳s para que possa proteger-se contra eventuais dissabores jurd̕icos. E ao Paciente (por que nô?), para que conheȧ seus direitos. Boa leitura! 
506 1 |a Disponible solo en los productos indicados  |d vLex Global  |d vLex Global (Academic Edition, excluding Law Schools)  |d vLex Global (U.S. Academic Edition, Law Schools)  |d vLex Global (U.S. Academic Edition, excluding Law Schools)  |d vLex Global (Academic Edition, Law Schools) 
650 0 4 |a Derecho Civil  |z Brasil 
650 0 4 |a Medicina  |z Brasil 
740 0 |a vLex Libros (Servicio en ln̕ea) 
856 4 0 |u http://vlex.com/source/responsabilidade-civil-do-cirurgi-o-dentista-21029  |z Acceso restringido 
942 |c BOOK 
999 0 |a Civil Law 
999 0 |a Medicine